00570 2200193 4500001002100000005001500021035002000036008004100056245008200097100002800179260005800207300001900265020002200284084001800306082000800324650001800332250000600350990002000356INLIS00000000000787220260418123808 a0010-0426000060260418 1 ind 1 aThe Hound Of The Baskeville :bMisteri Anjing Setan /cSir Arthur Conan Doyle aDoyle, Sir Arthur Conan aYogyakarta :bCV.Indoliterasi Publishing House,c2026 a256 ;c19 x 13 a978-602-0869-87-2 a823 DOY T C.1 a823 4aFiksi Inggris aI a260311300011204